| 000 | 00562nam a22002057a 4500 | ||
|---|---|---|---|
| 003 | OSt | ||
| 005 | 20140310181740.0 | ||
| 008 | 130322t xxu||||| |||| 00| 0 eng d | ||
| 020 | _a0071246800 | ||
| 050 |
_aB 105 _b.M821 2005 |
||
| 082 |
_aTR 168 _bM78 2005 |
||
| 245 |
_aCritical thinking / _cBrooke Noel Moore, Richard Parker. |
||
| 260 |
_aBoston : _bMcGraw-Hill Higher Education, _cc2005 |
||
| 300 |
_a485 p. ; _c23 cm |
||
| 520 | _a1. Logic. 2. Critical thinking. | ||
| 521 | _aFaculty | ||
| 541 | _j1 | ||
| 562 | _e1 | ||
| 942 |
_2lcc _cBK-TR _kTR |
||
| 999 |
_c2721 _d2721 |
||